00497 a2200169 4500010002800000020002200028035002700050037001500077037001600092082000800108100001500116245003200131260004800163270005100211300004200262490002300304 aENG-89777 B-456582-622 a8123750798c40.00 aEN-73310 B-456582-622 bDBAD / PUB bK.K.Pub/Ven14a9211 aRaju S. V.1 aMinoo Masani/cby S.V. Raju aNew DelhibNational Book Trust, Indiac2007 aA-5, Green ParkbNew DelhicNew Delhie110 016 axxi, 99p.c22 cm. (pbk)bb & w photos aNational biography